000 00537nam a2200181Ia 4500
008 090123s9999 xx 000 0 und d
082 _b10100
100 _aगोगटे शकुंतला
245 _aचोर कप्पा
250 _a1
260 _bमेनका प्रकाशन
_c1977
300 _a169
600 _aगोगटे शकुंतला
630 _aचोर कप्पा
700 _aगोगटे शकुंतला
730 _aचोर कप्पा
942 _cBOOK
999 _c48166
_d48166